[Event "Padova op-A 6th"]
[Site "Padova"]
[Date "2003.12.18"]
[Round "6.15"]
[White "Rizzo, Giuseppe"]
[Black "Kircanski, Piergiorgio"]
[Result "1/2-1/2"]
[WhiteElo "1503"]
[BlackElo "1500"]
[PlyCount "81"]
[EventDate "2003.12.13"]
[EventType "swiss"]
[EventRounds "9"]
[EventCountry "ITA"]
[SourceTitle "EXT 2024"]
[Source "ChessBase"]
[SourceDate "2023.10.10"]
[SourceVersion "1"]
[SourceVersionDate "2023.10.10"]
[SourceQuality "1"]

1. e4 c5 2. Nf3 d6 3. d4 cxd4 4. Nxd4 Nf6 5. Nc3 a6 6. Be3 Qc7 7. Be2 e6 8. 0-0 Be7 9. a4 0-0 10. f4 Nc6 11. Qe1 Nxd4 12. Bxd4 e5 13. Be3 Be6 14. f5 Bc4 15. Rd1 Bxe2 16. Qxe2 Rfd8 17. g4 Qc6 18. Qg2 Kf8 19. g5 Nd7 20. Nd5 f6 21. Qh3 fxg5 22. Qxh7 Nf6 23. Qg6 Qe8 24. Nxe7 Qxe7 25. Bxg5 Qf7 26. Bxf6 Qxf6 27. Qxf6+ gxf6 28. Rd2 Ke7 29. Kf2 Rh8 30. Ke3 Rh3+ 31. Rf3 Rah8 32. Rg2 Rxf3+ 33. Kxf3 Rh7 34. Kg3 Kd7 35. c4 a5 36. h4 Rg7+ 37. Kh3 Rxg2 38. Kxg2 Ke8 39. Kg3 Kf7 40. Kg4 Kg7 41. h5 1/2-1/2

[Event "Padova op-A 6th"]
[Site "Padova"]
[Date "2003.12.16"]
[Round "4.15"]
[White "Kircanski, Piergiorgio"]
[Black "Adami, Igor"]
[Result "1/2-1/2"]
[WhiteElo "1500"]
[BlackElo "1500"]
[PlyCount "78"]
[EventDate "2003.12.13"]
[EventType "swiss"]
[EventRounds "9"]
[EventCountry "ITA"]
[SourceTitle "EXT 2024"]
[Source "ChessBase"]
[SourceDate "2023.10.10"]
[SourceVersion "1"]
[SourceVersionDate "2023.10.10"]
[SourceQuality "1"]

1. e4 e5 2. Nf3 Nc6 3. d4 exd4 4. Nxd4 Nxd4 5. Qxd4 d6 6. Nc3 Nf6 7. Bd3 g6 8. Qa4+ c6 9. 0-0 Bg7 10. Bg5 0-0 11. Qd4 Nxe4 12. Qxg7+ Kxg7 13. Bxd8 Nxc3 14. Bc7 Nb5 15. Bxb5 cxb5 16. Bxd6 Rd8 17. Bf4 Bf5 18. c3 Rd7 19. Be5+ f6 20. Bd4 b4 21. Rad1 bxc3 22. Bxc3 Rad8 23. Rxd7+ Rxd7 24. Re1 Kf7 25. f4 Be6 26. a3 Bb3 27. Kf2 Bc2 28. g3 f5 29. Ke3 Be4 30. Rc1 a6 31. Bd4 Bc6 32. Rc2 Ke6 33. Be5 h6 34. Rf2 Be4 35. Bd4 h5 36. Rd2 Rc7 37. Be5 Rd7 38. Rd4 Rxd4 39. Kxd4 Bc6 1/2-1/2